000
00286nam a22001217a 4500
008
180918b xxu||||| |||| 00| 0 eng d
041
_a
eng
080
_a
321
100
_a
27
101
_a
POL
245
_a
Dirt The Erosion Of Civilization
_c
Montrgomery.D.R
942
_2
udc
_c
BK
999
_c
47899
_d
47899